[Event "msr26ss"]
[Site "?"]
[Date "2026.03.26"]
[Round "5.11"]
[White "Ferencik, Juraj"]
[Black "Mizanin, Matej"]
[Result "1/2-1/2"]
[BlackElo "1675"]
[WhiteElo "1655"]
[LiveChessVersion "1.4.8"]

1. e4 {[%clk 0:10:02]} c5 {[%clk 0:10:03]} 2. Nf3 {[%clk 0:10:03]} Nc6
{[%clk 0:10:05]} 3. c3 {[%clk 0:09:55]} Nf6 {[%clk 0:10:02]} 4. Qe2
{[%clk 0:09:52]} d6 {[%clk 0:09:28]} 5. g3 {[%clk 0:09:40]} g6 {[%clk 0:09:14]}
6. Bg2 {[%clk 0:09:40]} Bg7 {[%clk 0:09:15]} 7. e5 {[%clk 0:09:16]} dxe5
{[%clk 0:08:46]} 8. Nxe5 {[%clk 0:09:16]} Nxe5 {[%clk 0:08:45]} 9. Qxe5
{[%clk 0:09:16]} Qd6 10. Qxd6 {[%clk 0:08:52]} exd6 {[%clk 0:08:46]} 11. O-O
{[%clk 0:08:47]} O-O {[%clk 0:08:46]} 12. d3 {[%clk 0:08:43]} Rb8
{[%clk 0:08:42]} 13. Bf4 {[%clk 0:08:42]} Rd8 {[%clk 0:08:38]} 14. Nd2
{[%clk 0:08:38]} b6 {[%clk 0:08:37]} 15. Nc4 {[%clk 0:08:33]} Bf8
{[%clk 0:08:18]} 16. Bg5 {[%clk 0:08:24]} Bg7 {[%clk 0:08:03]} 17. Bf4
{[%clk 0:07:41]} Ne8 {[%clk 0:07:36]} 18. Rfe1 {[%clk 0:07:40]} Bb7
{[%clk 0:07:32]} 19. Bxb7 {[%clk 0:07:37]} Rxb7 {[%clk 0:07:32]} 20. Re2
{[%clk 0:07:14]} d5 {[%clk 0:06:41]} 21. Nd2 {[%clk 0:06:57]} h6 {[%clk 0:06:21]}
22. Rae1 {[%clk 0:06:56]} Kf8 {[%clk 0:05:46]} 23. h4 {[%clk 0:05:32]} Nc7
{[%clk 0:04:38]} 24. Re7 {[%clk 0:03:24]} Rc8 {[%clk 0:04:11]} 25. Bd6
{[%clk 0:03:00]} Kg8 {[%clk 0:03:42]} 26. Rd7 {[%clk 0:02:17]} Bf6
{[%clk 0:03:27]} 27. Nf3 {[%clk 0:01:17]} a5 {[%clk 0:01:08]} 28. c4
{[%clk 0:00:58]} Ra7 {[%clk 0:01:00]} 29. b3 {[%clk 0:00:50]} Nb5
{[%clk 0:00:38]} 30. Rxa7 {[%clk 0:00:47]} Nxa7 {[%clk 0:00:37]} 31. Be5
{[%clk 0:00:45]} Bxe5 {[%clk 0:00:32]} 32. Rxe5 {[%clk 0:00:45]} d4
{[%clk 0:00:28]} 33. Re7 {[%clk 0:00:45]} Nc6 {[%clk 0:00:27]} 34. Rb7
{[%clk 0:00:36]} Rb8 {[%clk 0:00:24]} 35. Rxb8+ {[%clk 0:00:35]} Nxb8
{[%clk 0:00:25]} 36. Ne5 {[%clk 0:00:35]} Kf8 {[%clk 0:00:23]} 37. f4
{[%clk 0:00:34]} Kg7 {[%clk 0:00:16]} 38. Kf2 {[%clk 0:00:35]} f6
{[%clk 0:00:17]} 39. Nf3 {[%clk 0:00:34]} Nc6 {[%clk 0:00:14]} 40. a3
{[%clk 0:00:31]} f5 {[%clk 0:00:11]} 41. Ne5 {[%clk 0:00:30]} Nxe5
{[%clk 0:00:09]} 42. fxe5 {[%clk 0:00:30]} Kf7 {[%clk 0:00:06]} 43. Kf3
{[%clk 0:00:31]} g5 {[%clk 0:00:07]} 44. hxg5 {[%clk 0:00:21]} hxg5
{[%clk 0:00:08]} 45. g4 {[%clk 0:00:21]} f4 {[%clk 0:00:10]} 46. Ke4
{[%clk 0:00:22]} Ke6 {[%clk 0:00:12]} 47. Kf3 {[%clk 0:00:20]} Kxe5
{[%clk 0:00:12]} 48. Ke2 {[%clk 0:00:21]} Kd6 {[%clk 0:00:07]} 49. Kf3
{[%clk 0:00:22]} Ke5 {[%clk 0:00:07]} 50. Ke2 {[%clk 0:00:22]} Kf6
{[%clk 0:00:06]} 51. Kf3 {[%clk 0:00:23]} Ke6 {[%clk 0:00:05]} 52. Ke4
{[%clk 0:00:23]} Kf6 {[%clk 0:00:04]} 53. Kf3 {[%clk 0:00:23]} Ke5
{[%clk 0:00:05]} 54. Ke2 {[%clk 0:00:21]} Kf6 {[%clk 0:00:06]} 55. Kf3
{[%clk 0:00:21]} Ke5 {[%clk 0:00:07]} 1/2-1/2

[Event "msr26ss"]
[Site "?"]
[Date "2026.03.26"]
[Round "5.12"]
[White "Knapova, Nicol"]
[Black "Zitnanska, Ema"]
[Result "0-1"]
[BlackElo "1573"]
[WhiteElo "1604"]
[LiveChessVersion "1.4.8"]

1. e4 {[%clk 0:10:02]} c5 {[%clk 0:10:03]} 2. Nf3 {[%clk 0:10:03]} d6
{[%clk 0:10:04]} 3. c3 {[%clk 0:09:56]} Nf6 {[%clk 0:10:03]} 4. d3
{[%clk 0:09:51]} a6 {[%clk 0:10:03]} 5. Bg5 {[%clk 0:09:34]} e6 {[%clk 0:10:03]}
6. Nbd2 {[%clk 0:09:22]} Be7 {[%clk 0:10:04]} 7. Be2 {[%clk 0:08:55]} Nbd7
{[%clk 0:09:58]} 8. a3 {[%clk 0:08:09]} b5 {[%clk 0:09:55]} 9. b4
{[%clk 0:07:49]} Bb7 {[%clk 0:09:49]} 10. O-O {[%clk 0:06:55]} Qc7
{[%clk 0:09:42]} 11. Rc1 {[%clk 0:06:22]} a5 {[%clk 0:09:36]} 12. bxc5
{[%clk 0:05:11]} dxc5 {[%clk 0:09:36]} 13. Rb1 {[%clk 0:04:33]} b4
{[%clk 0:08:58]} 14. cxb4 {[%clk 0:03:54]} cxb4 {[%clk 0:08:56]} 15. axb4
{[%clk 0:03:49]} Bxb4 {[%clk 0:08:54]} 16. Nc4 {[%clk 0:03:31]} Ra6
{[%clk 0:07:42]} 17. Qb3 {[%clk 0:03:08]} Rc6 {[%clk 0:06:44]} 18. Bxf6
{[%clk 0:02:18]} Nxf6 {[%clk 0:06:33]} 19. Nd4 {[%clk 0:01:43]} Rc5
{[%clk 0:05:40]} 20. Nxa5 {[%clk 0:01:04]} Bxa5 {[%clk 0:03:23]} 21. Qxb7
{[%clk 0:01:03]} Qxb7 {[%clk 0:03:23]} 22. Rxb7 {[%clk 0:01:04]} O-O
{[%clk 0:03:03]} 23. Rfb1 {[%clk 0:00:38]} h6 {[%clk 0:02:26]} 24. h3
{[%clk 0:00:35]} Rd8 {[%clk 0:02:25]} 25. Nf3 {[%clk 0:00:20]} Rc2
{[%clk 0:02:21]} 26. R7b2 {[%clk 0:00:14]} Rc7 {[%clk 0:02:17]} 27. Rb8
{[%clk 0:00:11]} Rxb8 {[%clk 0:02:15]} 28. Rxb8+ {[%clk 0:00:12]} Kh7
{[%clk 0:02:15]} 29. Rb2 {[%clk 0:00:10]} Rc1+ {[%clk 0:02:02]} 30. Kh2
{[%clk 0:00:10]} Bc7+ {[%clk 0:02:02]} 31. g3 {[%clk 0:00:11]} Rc5
{[%clk 0:01:48]} 32. Nd4 {[%clk 0:00:08]} Be5 {[%clk 0:01:42]} 33. Rb4
{[%clk 0:00:08]} Bxd4 {[%clk 0:01:37]} 34. Rxd4 {[%clk 0:00:09]} Rc2
{[%clk 0:01:35]} 35. Bg4 {[%clk 0:00:06]} Rxf2+ {[%clk 0:01:34]} 36. Kg1
{[%clk 0:00:07]} Nxg4 {[%clk 0:01:31]} 37. hxg4 {[%clk 0:00:09]} Rd2
{[%clk 0:01:29]} 38. Rd7 {[%clk 0:00:10]} Kg6 {[%clk 0:01:28]} 39. Kf1
{[%clk 0:00:10]} Ra2 {[%clk 0:01:21]} 40. Kg1 {[%clk 0:00:08]} Rd2
{[%clk 0:00:56]} 41. d4 {[%clk 0:00:07]} e5 {[%clk 0:00:50]} 42. d5
{[%clk 0:00:08]} Re2 {[%clk 0:00:50]} 43. Kf2 {[%clk 0:00:08]} Rxe4
{[%clk 0:00:50]} 44. Kf3 {[%clk 0:00:09]} Rd4 {[%clk 0:00:47]} 45. Rd6+
{[%clk 0:00:09]} f6 {[%clk 0:00:45]} 46. Rd7 {[%clk 0:00:09]} f5 {[%clk 0:00:23]}
47. Rd6+ {[%clk 0:00:10]} Kf7 {[%clk 0:00:22]} 48. gxf5 {[%clk 0:00:10]} h5
{[%clk 0:00:15]} 49. Ke3 {[%clk 0:00:08]} Rg4 {[%clk 0:00:14]} 50. Kf3
{[%clk 0:00:09]} Ke7 {[%clk 0:00:14]} 51. Ra6 {[%clk 0:00:08]} Rb4
{[%clk 0:00:11]} 52. Rc6 {[%clk 0:00:08]} Rd4 {[%clk 0:00:10]} 53. Ra6
{[%clk 0:00:09]} Rxd5 {[%clk 0:00:10]} 54. Ra7+ {[%clk 0:00:08]} Rd7
{[%clk 0:00:11]} 55. Ra6 {[%clk 0:00:06]} Rd6 {[%clk 0:00:11]} 56. Ra7+
{[%clk 0:00:06]} Rd7 {[%clk 0:00:12]} 57. Ra6 {[%clk 0:00:07]} Rd3+
{[%clk 0:00:12]} 58. Ke4 {[%clk 0:00:07]} Rxg3 {[%clk 0:00:12]} 59. Kxe5
{[%clk 0:00:08]} h4 {[%clk 0:00:12]} 60. Ra7+ {[%clk 0:00:08]} Kf8
{[%clk 0:00:12]} 61. f6 {[%clk 0:00:08]} Re3+ {[%clk 0:00:13]} 62. Kd6
{[%clk 0:00:09]} gxf6 {[%clk 0:00:11]} 63. Rh7 {[%clk 0:00:09]} h3
{[%clk 0:00:11]} 64. Kd5 {[%clk 0:00:09]} f5 {[%clk 0:00:11]} 65. Rh4
{[%clk 0:00:10]} f4 {[%clk 0:00:11]} 66. Rxf4+ {[%clk 0:00:10]} Kg7
{[%clk 0:00:09]} 67. Rh4 {[%clk 0:01:11]} Rd3+ {[%clk 0:00:09]} 68. Ke4
{[%clk 0:01:12]} Ra3 {[%clk 0:00:11]} 69. Kf4 {[%clk 0:01:12]} Ra4+
{[%clk 0:00:12]} 70. Kg3 {[%clk 0:01:11]} Rxh4 {[%clk 0:00:10]} 71. Kxh4
{[%clk 0:01:13]} h2 {[%clk 0:00:11]} 72. Kg3 {[%clk 0:01:00]} h1=Q
{[%clk 0:00:11]} 0-1

[Event "msr26ss"]
[Site "?"]
[Date "2026.03.26"]
[Round "5.13"]
[White "Benci, Jozef"]
[Black "Durovka, Marek"]
[Result "1/2-1/2"]
[BlackElo "2010"]
[WhiteElo "2186"]
[LiveChessVersion "1.4.8"]

1. e4 {[%clk 0:09:46]} c5 {[%clk 0:09:47]} 2. Nf3 {[%clk 0:09:23]} Nc6
{[%clk 0:09:44]} 3. Bb5 {[%clk 0:09:20]} e5 {[%clk 0:09:44]} 4. O-O
{[%clk 0:09:09]} Bd6 {[%clk 0:09:45]} 5. c3 {[%clk 0:08:56]} Nf6 {[%clk 0:06:16]}
6. Re1 {[%clk 0:08:49]} O-O {[%clk 0:04:56]} 7. h3 {[%clk 0:07:53]} Re8
{[%clk 0:04:19]} 8. d3 {[%clk 0:07:20]} h6 {[%clk 0:03:36]} 9. Nbd2
{[%clk 0:07:11]} Bf8 {[%clk 0:02:44]} 10. Ba4 {[%clk 0:06:54]} Rb8
{[%clk 0:02:26]} 11. Bc2 {[%clk 0:06:31]} b5 {[%clk 0:02:10]} 12. Nf1
{[%clk 0:06:03]} b4 {[%clk 0:01:33]} 13. Ng3 {[%clk 0:05:57]} bxc3
{[%clk 0:01:25]} 14. bxc3 {[%clk 0:05:57]} d5 {[%clk 0:01:15]} 15. Ba4
{[%clk 0:05:06]} Bb7 {[%clk 0:00:32]} 16. Ba3 {[%clk 0:04:43]} dxe4
{[%clk 0:00:13]} 17. dxe4 {[%clk 0:04:38]} Qa5 {[%clk 0:00:10]} 18. Rb1
{[%clk 0:04:09]} Red8 {[%clk 0:00:07]} 19. Qc2 {[%clk 0:04:05]} Ba8
{[%clk 0:00:04]} 20. Nf5 {[%clk 0:02:57]} Nd7 {[%clk 0:00:04]} 21. Ne3
{[%clk 0:02:24]} Rxb1 {[%clk 0:00:04]} 22. Rxb1 {[%clk 0:02:24]} Nb6
{[%clk 0:00:05]} 23. Bxc6 {[%clk 0:01:46]} Bxc6 {[%clk 0:10:02]} 24. Bc1
{[%clk 0:10:02]} 1/2-1/2

[Event "msr26ss"]
[Site "?"]
[Date "2026.03.26"]
[Round "5.14"]
[White "Strapec, Lukas"]
[Black "Kostka, Pavol"]
[Result "0-1"]
[BlackElo "1870"]
[WhiteElo "1886"]
[LiveChessVersion "1.4.8"]

1. d4 {[%clk 0:10:01]} d5 {[%clk 0:10:00]} 2. Nf3 {[%clk 0:10:01]} c5
{[%clk 0:09:57]} 3. e3 {[%clk 0:09:52]} Nf6 {[%clk 0:09:55]} 4. c3
{[%clk 0:09:39]} e6 {[%clk 0:09:48]} 5. Bd3 {[%clk 0:09:35]} Nc6 {[%clk 0:09:43]}
6. O-O {[%clk 0:09:20]} Bd6 {[%clk 0:09:40]} 7. Nbd2 {[%clk 0:09:09]} O-O
{[%clk 0:09:37]} 8. dxc5 {[%clk 0:08:48]} Bxc5 {[%clk 0:09:34]} 9. b4
{[%clk 0:08:47]} Bd6 {[%clk 0:09:30]} 10. Bb2 {[%clk 0:08:32]} e5
{[%clk 0:08:58]} 11. e4 {[%clk 0:08:20]} Ne7 {[%clk 0:08:13]} 12. a3
{[%clk 0:07:50]} Ng6 {[%clk 0:08:00]} 13. exd5 {[%clk 0:06:33]} Nxd5
{[%clk 0:07:44]} 14. Bxg6 {[%clk 0:05:14]} hxg6 {[%clk 0:07:24]} 15. Nc4
{[%clk 0:04:08]} Bb8 {[%clk 0:06:34]} 16. Ncxe5 {[%clk 0:03:52]} Be6
{[%clk 0:06:13]} 17. Nd3 {[%clk 0:03:19]} Qc7 {[%clk 0:06:01]} 18. Rc1
{[%clk 0:02:48]} Nf6 {[%clk 0:05:52]} 19. h3 {[%clk 0:01:32]} Rd8
{[%clk 0:05:43]} 20. Qc2 {[%clk 0:00:31]} Bf5 {[%clk 0:05:36]} 21. Rfd1
{[%clk 0:00:20]} Be4 {[%clk 0:04:54]} 22. Qe2 {[%clk 0:00:06]} Bxf3
{[%clk 0:04:47]} 23. Qxf3 {[%clk 0:00:06]} Qh2+ {[%clk 0:04:28]} 24. Kf1
{[%clk 0:00:08]} Re8 {[%clk 0:04:10]} 25. g3 {[%clk 0:00:06]} Qxh3+
{[%clk 0:03:49]} 26. Qg2 {[%clk 0:00:07]} Qf5 {[%clk 0:03:40]} 27. Nc5
{[%clk 0:00:07]} Ng4 {[%clk 0:03:28]} 28. Re1 {[%clk 0:00:06]} Bd6
{[%clk 0:02:45]} 29. Rxe8+ {[%clk 0:00:05]} Rxe8 {[%clk 0:02:45]} 30. Re1
{[%clk 0:00:05]} Ne3+ {[%clk 0:02:41]} 31. Rxe3 {[%clk 0:00:05]} Rxe3
{[%clk 0:02:42]} 32. Kg1 {[%clk 0:00:05]} Re1+ {[%clk 0:02:39]} 33. Kh2
{[%clk 0:00:05]} Qh5+ {[%clk 0:02:40]} 34. Qh3 {[%clk 0:00:05]} Rh1+
{[%clk 0:02:40]} 35. Kxh1 {[%clk 0:00:04]} Qxh3+ {[%clk 0:02:40]} 0-1

[Event "msr26ss"]
[Site "?"]
[Date "2026.03.26"]
[Round "5.15"]
[White "Macakova, Bianka"]
[Black "Barina, Branislav"]
[Result "0-1"]
[BlackElo "1789"]
[WhiteElo "1795"]
[LiveChessVersion "1.4.8"]

1. e4 {[%clk 0:10:01]} c5 {[%clk 0:10:04]} 2. Nf3 {[%clk 0:10:01]} e6
{[%clk 0:10:05]} 3. d4 {[%clk 0:10:02]} cxd4 {[%clk 0:10:05]} 4. Nxd4
{[%clk 0:10:02]} a6 {[%clk 0:10:07]} 5. Nc3 {[%clk 0:10:01]} b5 {[%clk 0:10:08]}
6. Bd3 {[%clk 0:09:47]} Qc7 {[%clk 0:10:07]} 7. Be3 {[%clk 0:09:24]} Nf6
{[%clk 0:10:02]} 8. O-O {[%clk 0:08:00]} Be7 {[%clk 0:09:55]} 9. f4
{[%clk 0:07:08]} d6 {[%clk 0:09:56]} 10. Kh1 {[%clk 0:05:34]} Bb7
{[%clk 0:09:56]} 11. a3 {[%clk 0:05:26]} Nbd7 {[%clk 0:09:43]} 12. Qe2
{[%clk 0:03:05]} O-O {[%clk 0:09:29]} 13. f5 {[%clk 0:02:33]} e5 {[%clk 0:09:22]}
14. Nb3 {[%clk 0:02:04]} d5 {[%clk 0:07:55]} 15. exd5 {[%clk 0:01:47]} Nxd5
{[%clk 0:07:54]} 16. Nxd5 {[%clk 0:01:41]} Bxd5 {[%clk 0:07:52]} 17. Bd2
{[%clk 0:00:59]} f6 {[%clk 0:06:21]} 18. Be4 {[%clk 0:00:30]} Bc4
{[%clk 0:05:51]} 19. Qf3 {[%clk 0:00:18]} Rac8 {[%clk 0:05:39]} 20. Rfe1
{[%clk 0:00:16]} Nc5 {[%clk 0:04:49]} 21. Bd5+ {[%clk 0:00:17]} Bxd5
{[%clk 0:04:39]} 22. Qxd5+ {[%clk 0:00:18]} Kh8 {[%clk 0:04:40]} 23. Ba5
{[%clk 0:00:13]} Qc6 {[%clk 0:04:13]} 24. Qxc6 {[%clk 0:00:11]} Rxc6
{[%clk 0:04:12]} 25. Nd4 {[%clk 0:00:13]} Rcc8 {[%clk 0:03:24]} 26. Bb4
{[%clk 0:00:12]} Rfe8 {[%clk 0:03:08]} 27. Nb3 {[%clk 0:00:13]} Nxb3
{[%clk 0:03:00]} 28. cxb3 {[%clk 0:00:14]} Bxb4 {[%clk 0:02:58]} 29. axb4 Rc6
{[%clk 0:02:43]} 30. Rec1 {[%clk 0:00:14]} Rec8 {[%clk 0:02:40]} 31. Rd1
{[%clk 0:00:13]} h6 {[%clk 0:02:38]} 32. h3 {[%clk 0:00:14]} Kh7 {[%clk 0:02:32]}
33. Rd7 {[%clk 0:00:13]} Rc1+ {[%clk 0:02:23]} 34. Rxc1 {[%clk 0:00:14]} Rxc1+
{[%clk 0:02:24]} 35. Kh2 {[%clk 0:00:15]} Rc2 {[%clk 0:02:15]} 36. Ra7
{[%clk 0:00:14]} Rxb2 {[%clk 0:02:15]} 37. Rxa6 {[%clk 0:00:15]} Rxb3
{[%clk 0:02:15]} 38. Rb6 {[%clk 0:00:13]} Rxb4 {[%clk 0:02:15]} 39. Rb7
{[%clk 0:00:13]} Rb2 {[%clk 0:02:11]} 40. Kh1 {[%clk 0:00:13]} b4
{[%clk 0:02:12]} 41. g4 {[%clk 0:00:11]} b3 {[%clk 0:02:05]} 42. h4
{[%clk 0:00:12]} e4 {[%clk 0:01:56]} 43. g5 {[%clk 0:00:10]} hxg5
{[%clk 0:01:53]} 44. hxg5 {[%clk 0:00:11]} e3 {[%clk 0:00:37]} 45. gxf6
{[%clk 0:00:12]} e2 {[%clk 0:00:32]} 46. Rxg7+ {[%clk 0:00:13]} Kh8 47. Rg1
{[%clk 0:00:11]} Rd2 {[%clk 0:00:20]} 48. f7 {[%clk 0:00:12]} Rd8
{[%clk 0:00:13]} 49. Re1 {[%clk 0:00:13]} b2 {[%clk 0:00:04]} 50. Kg2 Kg7 51. Kf2
{[%clk 0:00:12]} Kxf7 {[%clk 0:00:05]} 52. Rb1 {[%clk 0:00:06]} Rd1
{[%clk 0:00:04]} 53. Rxb2 {[%clk 0:00:05]} e1=Q+ {[%clk 0:00:05]} 0-1

[Event "msr26ss"]
[Site "?"]
[Date "2026.03.26"]
[Round "5.16"]
[White "Zakopcanova, Klaudia"]
[Black "Halas, Oto"]
[Result "1-0"]
[BlackElo "1420"]
[WhiteElo "1000"]
[LiveChessVersion "1.4.8"]

1. e4 {[%clk 0:10:02]} e5 {[%clk 0:10:02]} 2. c3 {[%clk 0:10:00]} Nf6
{[%clk 0:10:00]} 3. d3 {[%clk 0:09:59]} Bc5 {[%clk 0:09:34]} 4. Nf3
{[%clk 0:09:46]} Nc6 {[%clk 0:09:32]} 5. a3 {[%clk 0:09:33]} O-O {[%clk 0:08:58]}
6. Bg5 {[%clk 0:09:11]} h6 {[%clk 0:08:38]} 7. Bxf6 {[%clk 0:09:03]} Qxf6
{[%clk 0:08:38]} 8. Nbd2 {[%clk 0:08:41]} d6 {[%clk 0:08:31]} 9. d4
{[%clk 0:08:41]} exd4 {[%clk 0:08:13]} 10. c4 {[%clk 0:07:59]} Bg4
{[%clk 0:07:39]} 11. Be2 {[%clk 0:07:46]} Bxf3 {[%clk 0:04:50]} 12. Nxf3
{[%clk 0:07:43]} Rae8 {[%clk 0:04:45]} 13. Bd3 {[%clk 0:07:30]} Ne5
{[%clk 0:03:24]} 14. Be2 {[%clk 0:06:34]} Nxf3+ {[%clk 0:03:13]} 15. Bxf3
{[%clk 0:06:33]} d3 {[%clk 0:01:56]} 16. O-O {[%clk 0:06:03]} Qxb2
{[%clk 0:01:19]} 17. h3 {[%clk 0:05:48]} Bxa3 {[%clk 0:00:32]} 18. Qxd3
{[%clk 0:05:29]} Bc5 {[%clk 0:00:23]} 19. Rab1 {[%clk 0:05:24]} Qd4 20. Qc2
{[%clk 0:04:54]} Re5 {[%clk 0:00:20]} 21. Rbd1 {[%clk 0:04:47]} Qxf2+
{[%clk 0:00:03]} 22. Rxf2 {[%clk 0:04:45]} Bxf2+ {[%clk 0:00:03]} 23. Kxf2
{[%clk 0:04:44]} Rfe8 {[%clk 0:00:04]} 24. Rd5 {[%clk 0:04:17]} R5e6
{[%clk 0:00:04]} 25. c5 {[%clk 0:04:01]} c6 {[%clk 0:00:05]} 26. Rxd6
{[%clk 0:03:59]} Rxd6 {[%clk 0:00:04]} 27. cxd6 {[%clk 0:03:59]} Rd8
{[%clk 0:00:05]} 28. Qd2 {[%clk 0:03:59]} Kf8 {[%clk 0:00:06]} 29. e5
{[%clk 0:03:58]} Ke8 {[%clk 0:00:06]} 30. g4 {[%clk 0:03:56]} Kd7
{[%clk 0:00:06]} 31. g5 {[%clk 0:03:53]} Ke6 {[%clk 0:00:00]} 1-0

[Event "msr26ss"]
[Site "?"]
[Date "2026.03.26"]
[Round "5.17"]
[White "Truskova, Stela"]
[Black "Koska, Jiri"]
[Result "0-1"]
[BlackElo "2018"]
[WhiteElo "1774"]
[LiveChessVersion "1.4.8"]

1. d4 {[%clk 0:09:58]} Nf6 {[%clk 0:10:03]} 2. c4 {[%clk 0:09:59]} c5
{[%clk 0:10:04]} 3. Nf3 {[%clk 0:09:50]} g6 {[%clk 0:10:04]} 4. Nc3
{[%clk 0:09:46]} cxd4 {[%clk 0:10:02]} 5. Nxd4 {[%clk 0:09:47]} Nc6
{[%clk 0:10:03]} 6. Nf3 {[%clk 0:09:30]} Bg7 {[%clk 0:10:01]} 7. Bf4
{[%clk 0:09:22]} O-O {[%clk 0:09:57]} 8. e3 {[%clk 0:09:22]} d6 {[%clk 0:09:55]}
9. Bd3 {[%clk 0:09:06]} Qa5 {[%clk 0:08:19]} 10. O-O {[%clk 0:08:39]} Nd7
{[%clk 0:07:52]} 11. Qd2 {[%clk 0:07:43]} Nc5 {[%clk 0:07:47]} 12. Rfc1
{[%clk 0:06:17]} e5 {[%clk 0:05:52]} 13. Bg3 {[%clk 0:05:39]} e4 {[%clk 0:05:52]}
14. Bxd6 {[%clk 0:05:14]} Rd8 {[%clk 0:05:53]} 15. Bxc5 {[%clk 0:04:13]} Rxd3
{[%clk 0:05:15]} 16. Qc2 {[%clk 0:03:11]} Bxc3 {[%clk 0:04:49]} 17. bxc3
{[%clk 0:02:34]} Qxc5 {[%clk 0:04:16]} 18. Nd2 {[%clk 0:01:52]} f5
{[%clk 0:04:07]} 19. Rab1 {[%clk 0:00:59]} b6 {[%clk 0:04:00]} 20. Rb5
{[%clk 0:00:50]} Qd6 {[%clk 0:03:52]} 21. Nb3 {[%clk 0:00:22]} Be6
{[%clk 0:03:43]} 22. Qd1 0-1

[Event "msr26ss"]
[Site "?"]
[Date "2026.03.26"]
[Round "5.18"]
[White "Jura, Michal"]
[Black "Vrba, Martin"]
[Result "1-0"]
[BlackElo "1000"]
[WhiteElo "1945"]
[LiveChessVersion "1.4.8"]

1. e4 {[%clk 0:10:03]} c6 {[%clk 0:10:03]} 2. Nf3 {[%clk 0:10:03]} d5
{[%clk 0:10:04]} 3. exd5 {[%clk 0:10:04]} cxd5 {[%clk 0:10:05]} 4. d4
{[%clk 0:10:06]} Bf5 {[%clk 0:10:06]} 5. c4 {[%clk 0:10:07]} Nf6 {[%clk 0:10:06]}
6. Nc3 {[%clk 0:10:08]} e6 {[%clk 0:10:03]} 7. cxd5 {[%clk 0:10:04]} Nxd5
{[%clk 0:10:02]} 8. Bb5+ {[%clk 0:09:54]} Nc6 {[%clk 0:09:46]} 9. Ne5
{[%clk 0:09:46]} Rc8 {[%clk 0:09:03]} 10. Qa4 {[%clk 0:09:45]} Qb6
{[%clk 0:08:20]} 11. O-O {[%clk 0:08:58]} Bd6 {[%clk 0:08:17]} 12. Nxd5
{[%clk 0:06:39]} exd5 {[%clk 0:08:17]} 13. Bf4 {[%clk 0:06:38]} Bxe5
{[%clk 0:08:03]} 14. Bxe5 {[%clk 0:06:28]} O-O {[%clk 0:07:58]} 15. Rac1
{[%clk 0:06:00]} Nxe5 {[%clk 0:07:41]} 16. dxe5 {[%clk 0:05:52]} a6
{[%clk 0:07:27]} 17. Bd7 {[%clk 0:05:43]} Bxd7 {[%clk 0:07:07]} 18. Qxd7
{[%clk 0:05:44]} Rxc1 {[%clk 0:07:07]} 19. Rxc1 {[%clk 0:05:45]} Qxb2
{[%clk 0:07:06]} 20. Re1 {[%clk 0:05:31]} Qxa2 {[%clk 0:06:25]} 21. Qxb7
{[%clk 0:05:27]} a5 {[%clk 0:05:57]} 22. h3 {[%clk 0:05:11]} a4 {[%clk 0:05:54]}
23. Qa6 {[%clk 0:04:38]} Qc4 {[%clk 0:05:41]} 24. Qd6 {[%clk 0:04:35]} a3
{[%clk 0:05:31]} 25. Qxa3 {[%clk 0:04:27]} Qd4 {[%clk 0:05:23]} 26. Qd6
{[%clk 0:04:17]} Re8 {[%clk 0:05:11]} 27. Qd7 {[%clk 0:04:11]} Rf8
{[%clk 0:05:05]} 28. e6 {[%clk 0:03:18]} fxe6 {[%clk 0:05:04]} 29. Qxe6+
{[%clk 0:03:19]} Kh8 {[%clk 0:05:05]} 30. Qd6 {[%clk 0:03:12]} Qxf2+
{[%clk 0:05:04]} 31. Kh2 {[%clk 0:03:09]} Qf5 {[%clk 0:04:22]} 32. Rd1
{[%clk 0:00:14]} h6 {[%clk 0:03:26]} 33. Rxd5 {[%clk 0:00:11]} Qe4
{[%clk 0:03:19]} 34. Qxf8+ {[%clk 0:00:11]} Kh7 {[%clk 0:03:19]} 35. Qf5+
{[%clk 0:00:12]} Qxf5 {[%clk 0:03:18]} 36. Rxf5 {[%clk 0:00:13]} 1-0

[Event "msr26ss"]
[Site "?"]
[Date "2026.03.26"]
[Round "5.19"]
[White "Bekec, Tobias"]
[Black "Tokarcik, Jan"]
[Result "0-1"]
[BlackElo "1988"]
[WhiteElo "1000"]
[LiveChessVersion "1.4.8"]

1. c4 {[%clk 0:10:03]} e5 {[%clk 0:09:59]} 2. Nc3 {[%clk 0:10:03]} Bb4
{[%clk 0:10:00]} 3. Qc2 {[%clk 0:10:03]} Nf6 {[%clk 0:09:48]} 4. Nf3
{[%clk 0:10:02]} Nc6 {[%clk 0:09:48]} 5. e3 {[%clk 0:10:01]} O-O {[%clk 0:09:42]}
6. Nd5 {[%clk 0:09:55]} Re8 {[%clk 0:09:02]} 7. a3 {[%clk 0:09:39]} Bf8
{[%clk 0:08:44]} 8. Ng5 {[%clk 0:09:29]} g6 {[%clk 0:08:01]} 9. Nxf6+
{[%clk 0:09:12]} Qxf6 {[%clk 0:08:00]} 10. Ne4 {[%clk 0:09:12]} Qd8
{[%clk 0:07:37]} 11. b4 {[%clk 0:09:10]} Bg7 {[%clk 0:07:26]} 12. Bb2
{[%clk 0:09:09]} a5 {[%clk 0:06:46]} 13. b5 {[%clk 0:09:01]} Ne7 14. Be2
{[%clk 0:08:30]} d5 {[%clk 0:06:14]} 15. cxd5 {[%clk 0:08:08]} Nxd5
{[%clk 0:06:08]} 16. Rc1 {[%clk 0:07:15]} Bf5 {[%clk 0:05:03]} 17. Bd3
{[%clk 0:06:52]} b6 {[%clk 0:02:48]} 18. Ng3 {[%clk 0:06:35]} Nxe3
{[%clk 0:02:08]} 19. dxe3 {[%clk 0:05:13]} Bxd3 {[%clk 0:01:48]} 20. Qb3
{[%clk 0:03:41]} e4 {[%clk 0:00:55]} 21. Bxg7 {[%clk 0:03:38]} Kxg7 22. a4
{[%clk 0:03:33]} Qe7 {[%clk 0:00:52]} 23. Qc3+ {[%clk 0:03:13]} Kg8 24. h4
{[%clk 0:02:34]} Qb4 {[%clk 0:00:29]} 25. Qxb4 {[%clk 0:02:26]} axb4
{[%clk 0:00:29]} 26. Ra1 {[%clk 0:02:23]} b3 {[%clk 0:00:30]} 27. Kd2
{[%clk 0:02:08]} b2 {[%clk 0:00:29]} 28. Rae1 {[%clk 0:02:01]} Rxa4
{[%clk 0:00:20]} 29. Kc3 {[%clk 0:01:54]} b1=Q 30. Rxb1 {[%clk 0:01:54]} Bxb1
{[%clk 0:00:20]} 31. Rxb1 {[%clk 0:01:54]} Ra2 {[%clk 0:00:17]} 32. Rb2
{[%clk 0:01:51]} Rxb2 {[%clk 0:00:16]} 33. Kxb2 {[%clk 0:01:52]} Re5
{[%clk 0:00:18]} 34. Kc3 {[%clk 0:01:47]} f5 {[%clk 0:00:19]} 35. Ne2
{[%clk 0:01:42]} Rxb5 {[%clk 0:00:19]} 36. Nd4 {[%clk 0:01:31]} Rc5+
{[%clk 0:00:17]} 37. Kb3 {[%clk 0:01:30]} Kf7 {[%clk 0:00:18]} 38. f3
{[%clk 0:01:29]} Rc1 {[%clk 0:00:12]} 39. fxe4 {[%clk 0:01:09]} fxe4
{[%clk 0:00:12]} 40. g4 {[%clk 0:00:46]} Re1 {[%clk 0:00:09]} 41. Nc2
{[%clk 0:00:46]} Rg1 {[%clk 0:00:10]} 42. g5 {[%clk 0:00:36]} Rh1
{[%clk 0:00:11]} 43. Kc4 {[%clk 0:00:34]} Rxh4 {[%clk 0:00:11]} 44. Kd4
{[%clk 0:00:30]} Ke6 {[%clk 0:00:10]} 45. Ne1 {[%clk 0:00:14]} c5+
{[%clk 0:00:11]} 46. Kc4 {[%clk 0:00:14]} Rg4 {[%clk 0:00:11]} 47. Kb5
{[%clk 0:00:11]} Rxg5 {[%clk 0:00:12]} 48. Kxb6 {[%clk 0:00:12]} c4
{[%clk 0:00:13]} 49. Nc2 {[%clk 0:00:07]} c3 {[%clk 0:00:14]} 50. Nd4+
{[%clk 0:00:05]} Kd6 {[%clk 0:00:12]} 51. Nc2 {[%clk 0:00:04]} Rd5
{[%clk 0:00:10]} 52. Ka6 {[%clk 0:00:03]} Rd2 {[%clk 0:00:10]} 53. Nb4
{[%clk 0:00:03]} c2 {[%clk 0:00:10]} 54. Nxc2 {[%clk 0:00:04]} Rxc2
{[%clk 0:00:10]} 55. Kb5 {[%clk 0:00:05]} Rc3 {[%clk 0:00:08]} 56. Kc4
{[%clk 0:00:07]} Rxe3 {[%clk 0:00:08]} 57. Kd3 {[%clk 0:00:09]} Rxd3
{[%clk 0:00:08]} 0-1